Statistiken für Musiker aus Wien

Klicken Sie hier um das Quiz zu spielen!

Allgemein

  • Dieses Quiz wurde 78 mal gespielt
  • Das Durchschnittsergebnis liegt bei 5 aus 15

Antwortstatistiken

SongsMusiker/Band% Korrekt
Jeanny | Der KommissarFalco
99%
I Am From Austria | Macho, MachoRainhard Fendrich
61%
Cordula Grün | Expresso & TschiantiJosh.
48%
Columbo | Bussi BabyWanda
44%
Zwickt’s mi | Da HofaWolfgang Ambros
39%
Du entschuldige – i kenn’ di | Segel im WindPeter Cornelius
38%
Die kleine Kneipe | Hier ist ein MenschPeter Alexander
35%
Jö schau | So a Dodl mit da RodlGeorg Danzer
32%
Adios Amor | Arrivederci ClaireAndy Borg
24%
Wie a Glock’n | MusikMarianne Mendt
24%
Rostige Flügel | Lonely BoyHans Krankl
18%
Mein Anker | RollercoasterJulian le Play
18%
A Wunda | Kränk di netJazz Gitti
15%
Get It Right | Bitte brich mein Herz nicht BabyLeft Boy
10%
Nichts mehr fühlen | EisblockYung Hurn
8%

Verteilung der Resultate

Perzentil nach korrekt beantworteten Fragen

Anzahl Personen mit jedem Resultat

Ihre Resultats-Entwicklung

Sie haben dieses Quiz noch nicht gespielt